000
00322nam a22001457a 4500
003
SGT
082
_a
612
_b
A15T
100
_a
TORTORA, GENARD.J
245
_a
ANATOMY & PHYSIOLOGY
250
_a
2015 INDIAN ED
260
_a
DELHI
_b
WILEY
_c
2015
300
_a
999+132
650
_a
ANATOMY AND PHYSIOLOGY
942
_2
ddc
_c
BK
_0
2
999
_c
8500
_d
8500